000 00570nam a2200169 a 4500
001 000034761
005 20200930073903.0
008 111019s19uu sp 000 0 spa d
040 _aDO-SdBNP
_bspa
_cBNPHU
082 _axxxx
_bS161e
100 1 _aSlas, Julio C.
_960242
245 1 0 _aEtnología é historia de tierra-firme :
_b(Venezuela y Colombia) /
_cJulio C. Salas.
260 _aMadrid :
_bAmérica,
_c[19--?].
300 _a415 p. ;
_c19 cm.
490 1 _aBiblioteca de ciencias políticas y sociales
830 0 _aBiblioteca de ciencias políticas y sociales
_960135
999 _c34252
_d34252